000 00293nam a22001337a 4500
008 170921b xxu||||| |||| 00| 0 eng d
020 _a9780918371072
041 _aeng
080 _a784
100 _a45
101 _aMUZ
245 _aLIVE SOUND REINFORCEMENT
_cSTARK,S.H
942 _2udc
_cBK
999 _c28829
_d28829